Helicônia para exportação : (Registro nro. 3955)

Detalles MARC
000 -CABECERA
Campo de control 01107nam a2200277 a 4500
005 - FECHA Y HORA DE LA ULTIMA TRANSACCION
Campo de control 20200104041545.0
008 - ELEMENTOS DE LONGITUD FIJA—INFORMACION GENERAL
Campo de control 140312t1995 bl abo fr|||| 000 0 por d
020 ## - ISBN
ISBN 1413375X
040 ## - FUENTE DE CATALOGACIÓN
Agencia catalogadora original CO-BoIAVH
Agencia transcriptora CO-BoIAVH
041 0# - IDIOMA
Código de idioma para texto/pista de sonido o título separado Portugués
044 ## - PAÍS DE PUBLICACIÓN
País de publicación Brasil
082 04 - NUMERO DE CLASIFICACION DECIMAL DEWEY
Número de clasificación 584.39
Número del ítem F38h
100 1# - ASIENTO PRINCIPAL--NOMBRE PERSONAL
Nombre personal Ferreira de Castro, Carlos Eduardo
9 (RLIN) 21118
245 10 - MENCION DE TITULO
Título Helicônia para exportação :
Parte restante del título Aspectos técnicos da produção
260 ## - PUBLICACION, DISTRIBUCION, ETC. (PIE DE IMPRENTA)
Lugar de publicación, distribución, etc. Brasilia :
Nombre del editor, distribuidor, etc. EMBRAPA - SPI,
Fecha de publicación, distribución, etc. 1995.
300 ## - DESCRIPCION FISICA
Extensión 44 páginas :
Otros detalles físicos Ilustraciones, mapas, fotografías a color ;
Dimensiones 28 x 21 cm.
500 ## - NOTA GENERAL
Nota general Incluye glosario.
504 ## - NOTA DE BIBLIOGRAFIA, ETC.
Nota de bibliografía Incluye referencias bibliográficas: páginas 41-42.
650 16 - ASIENTO SECUNDARIO DE MATERIA - TERMINO TEMATICO
Término temático o nombre geográfico como elemento de entrada Heliconias
9 (RLIN) 62827
650 26 - ASIENTO SECUNDARIO DE MATERIA - TERMINO TEMATICO
Término temático o nombre geográfico como elemento de entrada Plantas ornamentales
9 (RLIN) 294
650 26 - ASIENTO SECUNDARIO DE MATERIA - TERMINO TEMATICO
Término temático o nombre geográfico como elemento de entrada Cultivo de heliconias
9 (RLIN) 19399
710 2# - ASIENTO SECUNDARIO - NOMBRE CORPORATIVO
Nombre corporativo o de jurisdicción como elemento de entrada Brasil.
Unidad subordinada Programa de Apoio á Produção e Exportação de Frutas, Hortaliças, Flores e Plantas Ornamentais, FRUPEX
9 (RLIN) 62829
710 2# - ASIENTO SECUNDARIO - NOMBRE CORPORATIVO
Nombre corporativo o de jurisdicción como elemento de entrada Brasil.
Unidad subordinada Secretaria de Desenvolvimiento Rural
9 (RLIN) 62830
710 2# - ASIENTO SECUNDARIO - NOMBRE CORPORATIVO
Nombre corporativo o de jurisdicción como elemento de entrada Brasil.
Unidad subordinada Ministério da Agricultura, do Abastecimiento e da Reforma Agrária
9 (RLIN) 62831
942 ## - ELEMENTOS ADICIONALES (KOHA)
Tipo de ítem Libro
Sistema de clasificación Dewey Decimal Classification
Existencias
Withdrawn status Lost status Sistema de Clasificación Damaged status No para préstamo Colección Inventariado Ubicación Permanente Ubicación actual Fecha de adquisición Fuente de Valor Valor Total Checkouts Número topográfico Inventario / Código de Barras Date last seen Ejemplar Price effective from Forma de adquisición Tipo de material
    Dewey Decimal Classification     General Inventariado 2017 Bogotá Bogotá 01/07/2004 Instituto 39000.00   LB-584.39 F38h 016208 04/12/2012 Ej. 1 04/12/2012   Libro